| 000 | 00642cam a22001691 4500 | ||
|---|---|---|---|
| 001 | 000001622 | ||
| 005 | 20200929145635.0 | ||
| 008 | 740710s1926 fr abf 000 0 fre | ||
| 010 | _a26017943 | ||
| 040 |
_aDO-SdBNP _bspa _cBNPHU |
||
| 100 | 1 |
_aMoret, Alexandre, _d1868-1938. _95309 |
|
| 245 | 1 | 3 |
_aLe Nil et la civilisation egyptienne. / _cAvec 79 figures et 3 cartes dans le texte et 24 planches hors texte. Par A. Moret ... |
| 260 |
_aParis, : _bRenaissance du livre, _c1926. |
||
| 300 |
_axvii p., : _bils. ; _c20 cm. |
||
| 490 | 0 | _aL'evolution de l'humanite, synthese collective. [1. section. no 7] | |
| 504 | _a"Bibliographie": p. [553]-554. | ||
| 999 |
_c1513 _d1513 |
||